Statistics for Rivers by Picture

Click here to take the quiz!

General Stats

  • This quiz has been taken 16 times
  • The average score is 8 of 16

Answer Stats

Answer% Correct
Amazon
90%
Colorado
90%
Danube
80%
Mississippi
80%
Nile
60%
Thames
50%
Congo
40%
Niger
40%
Pearl
40%
Ganges
30%
Indus
30%
St Lawrence
30%
Volga
30%
Euphrates
20%
Murray
20%
Snake
20%

Score Distribution

Percentile by Number Answered

Percent of People with Each Score

Your Score History

You have not taken this quiz